00816nam a2200217Ia 4500003000900000008004100009040001600050080001500066245010900081250002600190260006400216300001500280500005500295650001600350650003200366700003100398700003100429942000700460999001500467952011600482IN-BaIIA211028s9999 xx 000 0 eng d cIIA Library a524.1bGIN 4aThe Astrophysics of cosmic rayscedited by V. L. Ginzburg; translated from the Russian by L. J. Reinders a2nd rev. & suppl. ed. aJerusalembIsrael Program for Scientific Translationsc1969 aviii, 60p. aTranslation of: Astrofizika kosmicheskikh lucheĭ aCosmic rays aNuclear astrophysics96628 aGinzburg, V. L., ed.96629 aReinders, L. J., tr.96630 cBK c3735d3735 00104070aBANbBANcGENd1971-07-24g40.50l0o524.1/ GINp4167r2021-11-05v40.50w1971-07-24yBKGRs. 40.50